000 00700nam a2200241 i 4500
003 DO-SdBNP
005 20250120082739.0
007 ta
008 250120b202 dr ||||| |||| 00| 0 spa d
020 _a9788419429636
040 _aDO-SdBNP
_bspa
_cBNPHU
_erda
082 4 _axxxx
_bH868e
_222
100 _aHoyo Hoyos, Jorge Hernán
_eautor
_986895
245 1 0 _aÉxodo de besos /
_cJorge Hernán Hoyos Hoyos
264 _aSevilla, España :
_bPunto Rojo Libros,
_c2023.
300 _a99 páginas :
_c22 cm.
336 _atexto
_btxt
_2rdacontent
337 _asin mediación
_bn
_2rdamedia
338 _avolumen
_bnc
_2rdacarrier
590 _aInventariado, 2025/DG
910 _aDG
942 _2ddc
_cLBS1
999 _c58072
_d58072